Capitales mondiales les plus proches de Lisbonne - Statistiques

Statistiques générales
  • Ce quiz a été pris 166 fois
  • Le résultat moyen est 16 sur 20
Statistiques - réponses
km capitale % Correct
503 Madrid
100%
1454 Paris
99%
1865 Rome
97%
1100 Alger
94%
1715 Bruxelles
90%
568 Rabat
90%
1588 Londres
89%
1711 Tunis
85%
1631 Berne
84%
1866 Amsterdam
80%
994 Andorre-la-Vieille
79%
1714 Luxembourg
77%
1642 Dublin
76%
1492 Monaco
76%
1863 Vatican
75%
1890 Saint-Marin
71%
2113 La Valette
65%
2113 Tripoli
60%
1780 Vaduz
56%
2099 Ljubljana
49%
Aucun quiz correspondant
Distribution des résultats
% des personnes avec chaque résultat
Percentile par nombre de réponses
Votre historique - résultats
Vous n’avez pas pris ce quiz